[Event "Tally Ho! let's lose rating points"]
[Site "SchemingMind.com"]
[Date "2020.03.17"]
[Round "-"]
[White "Steven DuCharme"]
[Black "Kenny Elliott"]
[Result "1/2-1/2"]
[WhiteCountry "USA"]
[BlackCountry "USA"]
[WhiteElo "1576"]
[WhiteRD "56"]
[BlackElo "1625"]
[BlackRD "65"]
[GameID "452386"]

1. e4 e5 2. f4 exf4 3. Bc4 Qh4+ 4. Kf1 Nf6 5. Nf3 Qh5 6. d3 Bd6 7. Nc3 a6 8. Bd2 Nc6 9. Nd5 Nxd5 10. Bxd5 Ne5
11. Nxe5 Qxe5 12. Bc3 Qg5 13. Qf3 c6 14. Bb3 b5 15. e5 Bc7 16. g3 O-O 17. Qxf4 Qxf4+ 18. gxf4 d6 19. h3 dxe5 20. fxe5 Be6
21. a3 Bxb3 22. cxb3 Rae8 23. d4 f6 24. Kg2 fxe5 25. dxe5 Bxe5 26. Bxe5 Rxe5 27. Rhe1 Rfe8 28. Rxe5 Rxe5 29. Kf2 Re6 30. Rd1 h5
31. Rd8+ Kh7 32. Ra8 a5 33. Rxa5 g5 34. a4 Rf6+ 35. Kg3 h4+ 36. Kg2 Rf5 37. Ra7+ Kg6 38. Ra6 Rf6 39. b4 bxa4 40. Rxa4 Rf4
41. Ra6 Rxb4 42. Rxc6+= Kf5 43. Rc2 g4 44. hxg4+ Kxg4 45. Kh2= Rf4 46. b3 Rf3 47. Rc4+ Rf4 48. Rxf4+= Kxf4 49. b4 Ke5 50. Kh3 Kd6=
1/2-1/2

[Event "Tally Ho! let's lose rating points"]
[Site "SchemingMind.com"]
[Date "2020.03.17"]
[Round "-"]
[White "Steven DuCharme"]
[Black "Manfred Kraut"]
[Result "1/2-1/2"]
[WhiteCountry "USA"]
[BlackCountry "GER"]
[WhiteElo "1576"]
[WhiteRD "56"]
[BlackElo "1338"]
[BlackRD "65"]
[GameID "452387"]

1. e4 e5 2. f4 c6 3. d4 exf4 4. Bxf4 Ne7 5. Nf3 g6 6. Bd3 Bg7 7. O-O O-O 8. Re1 d5 9. e5 Nf5 10. g4 Ne7
11. h3 Qc7 12. Nbd2 Qb6 13. Nb3 Nd7 14. a4 Qc7 15. Qd2 Nb6 16. a5 Nd7 17. c4 dxc4 18. Bxc4 Nd5 19. Bxd5 cxd5 20. Rec1 Qd8
21. Nc5 Nxc5 22. Rxc5 Be6 23. b4 b6 24. axb6 axb6 25. Rcc1 Rxa1 26. Rxa1 Qc7 27. Rc1 Qa7 28. Ng5 Qa3 29. Nxe6 fxe6 30. Be3 Rf3
31. Rc8+ Kf7 32. Rc7+ Kg8 33. Rc8+=
1/2-1/2

[Event "Tally Ho! let's lose rating points"]
[Site "SchemingMind.com"]
[Date "2020.03.20"]
[Round "-"]
[White "cnile"]
[Black "Steven DuCharme"]
[Result "0-1"]
[WhiteCountry "SCO"]
[BlackCountry "USA"]
[WhiteElo "1460"]
[WhiteRD "73"]
[BlackElo "1599"]
[BlackRD "55"]
[GameID "452388"]

1. e4 e5 2. f4 Nf6 3. Nc3 d6 4. Bc4 Be7 5. Nf3 Bg4 6. O-O Nbd7 7. d4 O-O 8. fxe5 dxe5 9. d5 Bc5+ 10. Kh1 Nb6
11. Bb3 a6 12. Bg5 h6 13. Bh4 Qd6 14. Bg3 Rfe8 15. a3 c6 16. dxc6 bxc6 17. Qxd6 Bxd6 18. Rad1 Rad8 19. h3 Be6 20. Bxe6 Rxe6
21. Bf2 Bc7 22. Rxd8+ Bxd8 23. Rd1 Bc7 24. g4 g5 25. Bg3 Nc4 26. Na4 Ne3 27. Rc1 Nd7 28. c4 f6 29. b4 Rd6 30. Nc3 Nxc4
31. a4 Nd2 32. Nxd2 Rxd2 33. b5 axb5 34. axb5 cxb5 35. Nxb5 Bb6 36. Be1 Re2 37. Nd6 Nc5 38. Nf5 Kh7 39. Rb1 Nxe4 40. Rxb6 Rxe1+
41. Kg2 Ra1 42. Rb7+ Kh8 43. Nxh6 Ra2+ 44. Kg1 Nf2 45. Kg2 Nxg4+ 46. Kg3 Nxh6 47. Rb6 Kg7 48. h4 Ra3+
0-1

[Event "Tally Ho! let's lose rating points"]
[Site "SchemingMind.com"]
[Date "2020.03.19"]
[Round "-"]
[White "maro"]
[Black "Steven DuCharme"]
[Result "0-1"]
[WhiteCountry "MEX"]
[BlackCountry "USA"]
[WhiteElo "1408"]
[WhiteRD "61"]
[BlackElo "1576"]
[BlackRD "56"]
[GameID "452389"]

1. e4 e5 2. f4 d6 3. f5 Qh4+ 4. g3 Qxe4+ 5. Ne2 Qxh1 6. g4 Qxh2 7. d3 Be7 8. Nbc3 Qh4+ 9. Kd2 Qxg4 10. b3 Bg5+
11. Ke1 Qh4+ 12. Ng3 Qxg3+ 13. Ke2 Qg4+ 14. Kf2 Bh4+ 15. Ke3 Qf4+ 16. Ke2 Qf2#
0-1

[Event "Tally Ho! let's lose rating points"]
[Site "SchemingMind.com"]
[Date "2020.03.16"]
[Round "-"]
[White "Phillip Beckett"]
[Black "Steven DuCharme"]
[Result "0-1"]
[WhiteCountry "ENG"]
[BlackCountry "USA"]
[WhiteElo "1517"]
[WhiteRD "50"]
[BlackElo "1591"]
[BlackRD "56"]
[GameID "452390"]

1. e4 e5 2. f4 Nc6 3. Nf3 d6 4. fxe5 Nxe5 5. Nxe5 dxe5 6. Bc4 Qh4+ 7. Kf1 Qxe4 8. Qe2 Qf4+ 9. Ke1 Bg4 10. Qe3 Qxc4
11. Qxe5+ Qe6 12. d4 Qxe5+ 13. dxe5 O-O-O 14. Bf4 Rd1+
0-1

[Event "Tally Ho! let's lose rating points"]
[Site "SchemingMind.com"]
[Date "2020.03.15"]
[Round "-"]
[White "Steven DuCharme"]
[Black "Goz"]
[Result "1/2-1/2"]
[WhiteCountry "USA"]
[BlackCountry "ENG"]
[WhiteElo "1576"]
[WhiteRD "56"]
[BlackElo "1526"]
[BlackRD "73"]
[GameID "452391"]

1. e4 e5 2. f4 d6 3. d3 Nc6 4. Nf3 Bg4 5. Be2 Bxf3 6. Bxf3 Nd4 7. O-O f6 8. c3 Nxf3+ 9. Qxf3 Qd7 10. fxe5 dxe5
11. Be3 Qxd3 12. Rd1 Qa6 13. Nd2 O-O-O 14. a3 Ne7 15. Nf1 Nc6 16. Rxd8+ Nxd8 17. b4 b6 18. Qd1 Bd6 19. Qd5 Qe2 20. Qa8+ Kd7
21. Qxa7 Ne6 22. Bxb6 Nf4 23. Ne3 Qb2 24. Rd1 Qxc3 25. Rxd6+ Kxd6 26. Bc5+ Kd7 27. Qa4+ Ke6 28. Qc6+ Kf7 29. Qd7+ Kg6 30. Qf5+ Kf7
31. h3 Ne2+ 32. Kh2 Qe1 33. Qd7+=
1/2-1/2

[Event "Tally Ho! let's lose rating points"]
[Site "SchemingMind.com"]
[Date "2020.03.17"]
[Round "-"]
[White "Steven DuCharme"]
[Black "Randy Bahr"]
[Result "0-1"]
[WhiteCountry "USA"]
[BlackCountry "USA"]
[WhiteElo "1576"]
[WhiteRD "56"]
[BlackElo "1722"]
[BlackRD "68"]
[GameID "452392"]

1. e4 e5 2. f4 exf4 3. Nf3 g5 4. h4 g4 5. Ng5 h6 6. Nxf7 Kxf7 7. Bc4+ Ke8 8. Qxg4 Qf6 9. Bxg8 h5 10. Qf5 Qxf5
11. exf5 Rxg8 12. d4 d6 13. Bxf4 Bxf5 14. O-O Bxc2 15. Na3 Ba4 16. Rae1+ Kd7 17. Bg5 Nc6 18. Rf7+ Ne7 19. Bxe7 Kc6 20. Rc1+ Kd5
21. Bxf8 Raxf8 22. Rcxc7 Rxf7 23. Rxf7 Bc6 24. Rf4 Ke6 25. Rf2 Rg4
0-1

[Event "Tally Ho! let's lose rating points"]
[Site "SchemingMind.com"]
[Date "2020.03.15"]
[Round "-"]
[White "Siets"]
[Black "Steven DuCharme"]
[Result "1-0"]
[WhiteCountry "NED"]
[BlackCountry "USA"]
[WhiteElo "1775"]
[WhiteRD "89"]
[BlackElo "1576"]
[BlackRD "56"]
[GameID "452393"]

1. e4 e5 2. f4 b6 3. d3 exf4 4. Bxf4 Bb7 5. Nc3 Nf6 6. Nb5 d6 7. Nf3 Be7 8. Qd2 O-O 9. Qc3 Na6 10. Nfd4 c5
11. Nf5 Bc6 12. Nbxd6 Nc7 13. g4 Ne6 14. Nxe7+ Qxe7 15. Nf5 Qd7 16. Bd6 Nxg4 17. Rg1
1-0

[Event "Tally Ho! let's lose rating points"]
[Site "SchemingMind.com"]
[Date "2020.03.16"]
[Round "-"]
[White "Kenny Elliott"]
[Black "Randy Bahr"]
[Result "1/2-1/2"]
[WhiteCountry "USA"]
[BlackCountry "USA"]
[WhiteElo "1625"]
[WhiteRD "65"]
[BlackElo "1722"]
[BlackRD "68"]
[GameID "452394"]

1. e4 e5 2. f4 exf4 3. Nf3 g5 4. Nc3 d6 5. Be2 Nc6 6. h3 Bg7 7. Nd5 h6 8. Bb5 Bd7 9. Qe2 Ne5 10. Bxd7+ Qxd7
11. d3 Ne7 12. Nxe7 Qxe7 13. O-O O-O-O 14. a4 Rdg8 15. Rb1 g4 16. hxg4 Nxg4 17. Bxf4 Be5 18. Bxe5 dxe5 19. Nh2 Qc5+ 20. Kh1 Ne3
21. Rg1 Rg3 22. Nf1 Qe7 23. Qh5 Rg5 24. Qh3+ Ng4 25. Ne3 Qe6 26. Nxg4 Rxg4 27. Rgf1 Rhg8 28. Rf2 R4g6 29. Qxe6+ fxe6 30. b4 R8g7
31. b5 Kd7 32. c4 Ke7 33. a5 b6 34. axb6 axb6 35. Rd1 Rg4 36. Kh2 Rh4+ 37. Kg1 Rf4 38. Rdd2 Kd6 39. Rfe2 Kc5 40. Re3 Kd4
41. Rh3 Rh7 42. Ra2 h5=
1/2-1/2

[Event "Tally Ho! let's lose rating points"]
[Site "SchemingMind.com"]
[Date "2020.03.17"]
[Round "-"]
[White "Siets"]
[Black "Kenny Elliott"]
[Result "1-0"]
[WhiteCountry "NED"]
[BlackCountry "USA"]
[WhiteElo "1775"]
[WhiteRD "89"]
[BlackElo "1625"]
[BlackRD "65"]
[GameID "452395"]

1. e4 e5 2. f4 exf4 3. Qh5 Nf6 4. Qe5+ Be7 5. Qxf4 d6 6. d4 O-O 7. Bd3 Nc6 8. Nf3 Nb4 9. O-O c5 10. d5 Nxd3
11. cxd3 Qb6 12. Be3 Qxb2 13. Nbd2 Qc3 14. Nh4 Nh5 15. Qf2 Bxh4 16. Qxh4 Qxd3 17. Rf3 g6 18. Kh1 Qc3 19. Raf1 Ng7 20. Bg5 Qb2
21. Be7 Bf5 22. exf5 Nxf5 23. Rxf5 gxf5 24. Bf6 Qxd2 25. Qg3+
1-0

[Event "Tally Ho! let's lose rating points"]
[Site "SchemingMind.com"]
[Date "2020.03.16"]
[Round "-"]
[White "Manfred Kraut"]
[Black "Kenny Elliott"]
[Result "0-1"]
[WhiteCountry "GER"]
[BlackCountry "USA"]
[WhiteElo "1338"]
[WhiteRD "65"]
[BlackElo "1625"]
[BlackRD "65"]
[GameID "452396"]

1. e4 e5 2. f4 exf4 3. Nf3 g5 4. Bc4 g4 5. Ne5 Qh4+ 6. g3 fxg3 7. Qxg4 g2+ 8. Qxh4 gxh1=Q+ 9. Bf1 d5 10. Nc3 dxe4
11. Nxe4 Bh3 12. Qxh3 Qxe4+ 13. Qe3 Qxe3+ 14. dxe3 Bd6 15. Nf3 Nc6 16. Bd2 O-O-O 17. O-O-O Kb8 18. Bc3 Nge7 19. Bxh8 Rxh8 20. Nd4 Nxd4
21. Rxd4 Bxh2 22. Rd7 Bd6 23. Bh3 f5 24. a3 Kc8 25. Rxe7 Bxe7 26. Bxf5+ Kd8 27. Kd2 h5 28. c4 h4 29. Bh3 Rg8 30. b4 Rg3
31. Bf5 h3
0-1

[Event "Tally Ho! let's lose rating points"]
[Site "SchemingMind.com"]
[Date "2020.03.19"]
[Round "-"]
[White "maro"]
[Black "Manfred Kraut"]
[Result "1-0"]
[WhiteCountry "MEX"]
[BlackCountry "GER"]
[WhiteElo "1408"]
[WhiteRD "61"]
[BlackElo "1338"]
[BlackRD "65"]
[GameID "452397"]

1. e4 e5 2. f4 c6 3. f5 Qh4+ 4. g3 Qxe4+ 5. Qe2 Qxh1 6. Qxe5+ Be7 7. Nc3 Nf6 8. d3 Qxg1 9. Bg5 d6 10. Qf4 O-O
11. O-O-O Qb6 12. a3 Nbd7 13. Re1 h6 14. Bxf6 Nxf6 15. Rxe7 Nh5 16. Qxd6 Bxf5 17. Be2 Rad8 18. Qe5 Qg1+ 19. Kd2 g6 20. Bxh5 Qg2+
21. Ne2 Qd5 22. Nf4 Qg2+ 23. Nxg2 Bh3 24. Nf4 Bf5 25. Bxg6 Bxg6 26. Nxg6 fxg6 27. Qg7#
1-0

[Event "Tally Ho! let's lose rating points"]
[Site "SchemingMind.com"]
[Date "2020.03.16"]
[Round "-"]
[White "Phillip Beckett"]
[Black "Manfred Kraut"]
[Result "1/2-1/2"]
[WhiteCountry "ENG"]
[BlackCountry "GER"]
[WhiteElo "1550"]
[WhiteRD "50"]
[BlackElo "1338"]
[BlackRD "65"]
[GameID "452398"]

1. e4 e5 2. f4 c6 3. Nf3 d5 4. exd5 e4 5. Ne5 Bd6 6. Qh5 g6 7. Qe2 cxd5 8. Qb5+ Nd7 9. Qxd5 Bxe5 10. fxe5 Ne7
11. Qxe4 O-O 12. e6 fxe6 13. Qxe6+ Rf7 14. Bc4 Qe8 15. Rf1 b5 16. Qxf7+ Qxf7 17. Bxf7+ Kg7 18. Be6 Ne5 19. Bxc8 Rxc8 20. d4 Rxc2
21. Nc3 Nd3+ 22. Kd1 Rxg2 23. h4 b4 24. Ne2 Nf5 25. Bd2 Nxb2+ 26. Kc1 Nc4 27. Re1 Nxh4 28. Bxb4 Nf3 29. Nf4 Nxd4 30. Bc3 Rc2+
31. Kd1 Rxc3 32. Ne6+ Kh8 33. Nxd4 Rd3+ 34. Kc2 Rxd4 35. Re8+ Kg7 36. Kc3 Rf4 37. Re7+ Kh6 38. Rh1+ Kg5 39. Rg1+ Kh6 40. Rh1+ Kg5
41. Rg1+ Kh6 42. Rh1+=
1/2-1/2

[Event "Tally Ho! let's lose rating points"]
[Site "SchemingMind.com"]
[Date "2020.03.16"]
[Round "-"]
[White "Manfred Kraut"]
[Black "Goz"]
[Result "0-1"]
[WhiteCountry "GER"]
[BlackCountry "ENG"]
[WhiteElo "1338"]
[WhiteRD "67"]
[BlackElo "1508"]
[BlackRD "72"]
[GameID "452399"]

1. e4 e5 2. f4 d6 3. Nf3 exf4 4. Bc4 Be6 5. Bxe6 fxe6 6. O-O e5 7. b3 Be7 8. Bb2 Nc6 9. Nc3 Qd7 10. Nd5 O-O-O
11. d4 Nf6 12. Qd3 Nxd5 13. exd5 Nb4 14. Qc4 Na6 15. dxe5 dxe5 16. Nxe5 Qf5 17. Nf3 Bf6 18. Bxf6 Qxf6 19. Rfe1 Rhe8 20. Rad1 Rxe1+
21. Rxe1 g5 22. Re6 Qa1+ 23. Kf2 Qxa2 24. Re7 h6 25. Nd4 Qa5 26. Nb5 Qd2+ 27. Re2 Qxd5 28. Qxd5 Rxd5 29. c4 Rd3 30. Rb2 Kb8
31. Re2 b6 32. Na3 Rxb3 33. Re8+ Kb7 34. Nb5 Nc5 35. Nd4 Rc3 36. Re7 a6 37. Ne6 a5 38. Rxc7+ Ka6 39. Nxc5+ bxc5 40. Rxc5 a4
41. Rc8 Ka5 42. Ke2 a3 43. Kd2 Re3 44. Ra8+ Kb4
0-1

[Event "Tally Ho! let's lose rating points"]
[Site "SchemingMind.com"]
[Date "2020.03.16"]
[Round "-"]
[White "Manfred Kraut"]
[Black "Randy Bahr"]
[Result "0-1"]
[WhiteCountry "GER"]
[BlackCountry "USA"]
[WhiteElo "1359"]
[WhiteRD "68"]
[BlackElo "1679"]
[BlackRD "76"]
[GameID "452400"]

1. e4 e5 2. f4 exf4 3. Nf3 g5 4. Bc4 Bg7 5. O-O d6 6. d4 Nc6 7. Nc3 Bg4 8. a3 Bxf3 9. Rxf3 Bxd4+ 10. Kh1 Be5
11. Qd3 h5 12. Qd5 Qe7 13. b4 Bxc3 14. Rxc3 Nf6 15. Qxg5 O-O-O 16. Qxf4 d5 17. Qf5+ Kb8 18. Bd3 dxe4 19. Be3 exd3 20. Rxd3 Rxd3
21. Re1 Rxe3
0-1

[Event "Tally Ho! let's lose rating points"]
[Site "SchemingMind.com"]
[Date "2020.03.18"]
[Round "-"]
[White "Siets"]
[Black "Manfred Kraut"]
[Result "1-0"]
[WhiteCountry "NED"]
[BlackCountry "GER"]
[WhiteElo "1775"]
[WhiteRD "89"]
[BlackElo "1338"]
[BlackRD "65"]
[GameID "452401"]

1. e4 e5 2. f4 c6 3. Nf3 exf4 4. d4 d5 5. e5 Bg4 6. Bxf4 Ne7 7. Bd3 Nf5 8. c3 Be7 9. Nbd2 O-O 10. Qe2 c5
11. Bxf5 Bxf5 12. Bg3 c4 13. h3 Qb6 14. b3 cxb3 15. axb3 Nd7 16. O-O Rfe8 17. Nh4 f6 18. Nxf5 Bf8 19. Kh1 a5 20. Qg4 fxe5
21. Nxg7 Bxg7 22. Qxd7 Rf8 23. Qxd5+ Kh8 24. Bxe5 Rxf1+ 25. Rxf1 Rg8 26. Bxg7+ Kxg7 27. Qe5+ Kh6 28. Rf6+ Qxf6 29. Qxf6+ Rg6 30. Qf4+ Kg7
31. Nc4 b5 32. Ne5
1-0

[Event "Tally Ho! let's lose rating points"]
[Site "SchemingMind.com"]
[Date "2020.03.20"]
[Round "-"]
[White "Kenny Elliott"]
[Black "cnile"]
[Result "1-0"]
[WhiteCountry "USA"]
[BlackCountry "SCO"]
[WhiteElo "1635"]
[WhiteRD "63"]
[BlackElo "1476"]
[BlackRD "73"]
[GameID "452402"]

1. e4 e5 2. f4 exf4 3. Nf3 g5 4. d4 Bg7 5. e5 d6 6. exd6 cxd6 7. b3 Nc6 8. Bb5 Bg4 9. Bxc6+ bxc6 10. O-O Ne7
11. Bb2 d5 12. Qd3 Bf5 13. Qc3 h6 14. Re1 Be6 15. Nbd2 Qb6 16. Ba3 Nf5 17. Ne5 Nxd4 18. Bc5 Qc7 19. Bxd4 Bxe5 20. Bxe5 Qb6+
21. Kh1 O-O 22. Bg7 Rfe8 23. Qf6 c5 24. Qxh6 f5 25. Qxg5
1-0

[Event "Tally Ho! let's lose rating points"]
[Site "SchemingMind.com"]
[Date "2020.03.20"]
[Round "-"]
[White "Manfred Kraut"]
[Black "cnile"]
[Result "0-1"]
[WhiteCountry "GER"]
[BlackCountry "SCO"]
[WhiteElo "1338"]
[WhiteRD "67"]
[BlackElo "1476"]
[BlackRD "73"]
[GameID "452403"]

1. e4 e5 2. f4 exf4 3. Nf3 g5 4. Bc4 Bg7 5. O-O d6 6. d4 Nc6 7. d5 Ne5 8. Bb5+ Bd7 9. Bxd7+ Qxd7 10. Nxg5 O-O-O
11. Bxf4 Nf6 12. Nd2 Kb8 13. c4 h6 14. Ngf3 Rhe8 15. b4 Nd3 16. Nb3 Nxf4 17. c5 Qg4 18. Rf2 Nh3+ 19. Kh1 Nxf2+
0-1

[Event "Tally Ho! let's lose rating points"]
[Site "SchemingMind.com"]
[Date "2020.03.20"]
[Round "-"]
[White "cnile"]
[Black "maro"]
[Result "1-0"]
[WhiteCountry "SCO"]
[BlackCountry "MEX"]
[WhiteElo "1476"]
[WhiteRD "73"]
[BlackElo "1380"]
[BlackRD "57"]
[GameID "452404"]

1. e4 e5 2. f4 exf4 3. Nf3 d6 4. Bc4 Nf6 5. d4 Bg4 6. Nc3 Nxe4 7. Nxe4 d5 8. Bd3 Bd6 9. Nxd6+ Qxd6 10. O-O O-O
11. Qe1 Nc6 12. Ne5 Rfe8 13. Bxf4 Nxd4 14. Qg3 Ne2+ 15. Bxe2 Bxe2 16. Rf2 Qc5 17. Be3 d4 18. Rxf7 g6 19. Qh3 h5 20. Qd7 Qxe5
21. Bh6 Qh8 22. Rg7+
1-0

[Event "Tally Ho! let's lose rating points"]
[Site "SchemingMind.com"]
[Date "2020.03.20"]
[Round "-"]
[White "cnile"]
[Black "Phillip Beckett"]
[Result "1-0"]
[WhiteCountry "SCO"]
[BlackCountry "ENG"]
[WhiteElo "1476"]
[WhiteRD "73"]
[BlackElo "1530"]
[BlackRD "51"]
[GameID "452405"]

1. e4 e5 2. f4 Qh4+ 3. g3 Qe7 4. Nc3 exf4 5. Nf3 c6 6. gxf4 d5 7. e5 f6 8. d4 fxe5 9. fxe5 Bg4 10. Bf4 Bxf3
11. Qxf3 Nf6 12. O-O-O Ne4 13. Nxe4 dxe4 14. Qxe4 h6 15. Bc4 Nd7 16. Qg6+ Kd8 17. Rhf1 b5 18. Be6 Kc7 19. Bxd7 Kxd7 20. a3 Qe6
21. Qxe6+ Kxe6 22. Rg1 g5 23. Bg3 Bg7 24. Rgf1 Rad8 25. c3 Rhf8 26. Kc2 c5 27. dxc5 Rxd1 28. Rxd1 Rf3 29. c6 Rf8 30. Rd6+ Ke7
31. Rd7+
1-0

[Event "Tally Ho! let's lose rating points"]
[Site "SchemingMind.com"]
[Date "2020.03.20"]
[Round "-"]
[White "Goz"]
[Black "cnile"]
[Result "1-0"]
[WhiteCountry "ENG"]
[BlackCountry "SCO"]
[WhiteElo "1508"]
[WhiteRD "72"]
[BlackElo "1476"]
[BlackRD "73"]
[GameID "452406"]

1. e4 e5 2. f4 exf4 3. d3 Nc6 4. Nf3 d6 5. Bxf4 Bg4 6. Nbd2 Nf6 7. h3 Bh5 8. g4 Bg6 9. Nh4 Nxe4 10. Nxg6 hxg6
11. Nxe4 Qd7 12. Bg2 Be7 13. Qd2 O-O-O 14. O-O-O Kb8 15. g5 f6 16. Rh2 f5 17. Nc3 d5 18. h4 Bd6 19. Nxd5 Bxf4 20. Nxf4 Qd6
21. Bxc6 Qxc6 22. h5 gxh5 23. Nxh5 Rxh5 24. Rxh5
1-0

[Event "Tally Ho! let's lose rating points"]
[Site "SchemingMind.com"]
[Date "2020.03.20"]
[Round "-"]
[White "Randy Bahr"]
[Black "cnile"]
[Result "1-0"]
[WhiteCountry "USA"]
[BlackCountry "SCO"]
[WhiteElo "1729"]
[WhiteRD "70"]
[BlackElo "1476"]
[BlackRD "73"]
[GameID "452407"]

1. e4 e5 2. f4 exf4 3. Nf3 g5 4. Nc3 d6 5. d4 Bg7 6. h3 h6 7. Bc4 Nc6 8. a4 Nf6 9. Qe2 O-O 10. Bd2 Re8
11. O-O-O Nxe4 12. Nxe4 Bxd4 13. Nxd4 Nxd4 14. Qd3 Bf5 15. Qxd4 Bxe4 16. Bc3 Re5 17. Rhe1 Bxg2 18. Rxe5
1-0

[Event "Tally Ho! let's lose rating points"]
[Site "SchemingMind.com"]
[Date "2020.03.20"]
[Round "-"]
[White "cnile"]
[Black "Siets"]
[Result "0-1"]
[WhiteCountry "SCO"]
[BlackCountry "NED"]
[WhiteElo "1476"]
[WhiteRD "73"]
[BlackElo "1759"]
[BlackRD "89"]
[GameID "452408"]

1. e4 e5 2. f4 d6 3. Nf3 Nf6 4. Nc3 c6 5. d3 Be7 6. fxe5 Ng4 7. exd6 Qxd6 8. Be2 Be6 9. O-O Nd7 10. Qe1 Nf8
11. a3 Ng6 12. Kh1 Rd8 13. Bd2 O-O 14. Rd1 Qc7 15. b4 b5 16. d4 f6 17. Bd3 Rxd4 18. Qe2 f5 19. exf5 Bxf5 20. Nxd4 Qxh2#
0-1

[Event "Tally Ho! let's lose rating points"]
[Site "SchemingMind.com"]
[Date "2020.03.19"]
[Round "-"]
[White "Kenny Elliott"]
[Black "maro"]
[Result "1-0"]
[WhiteCountry "USA"]
[BlackCountry "MEX"]
[WhiteElo "1625"]
[WhiteRD "65"]
[BlackElo "1408"]
[BlackRD "61"]
[GameID "452409"]

1. e4 e5 2. f4 exf4 3. Nf3 d6 4. d4 g5 5. Nc3 Bd7 6. b3 Bg4 7. Be2 Nc6 8. Bb2 Bg7 9. Bb5 Bd7 10. Bxc6 Bxc6
11. d5 Bd7 12. h3 Qe7 13. Qe2 O-O-O 14. O-O-O Bf6 15. Qf2 b6 16. a4 c5 17. dxc6 Bxc6 18. Nd4 Bxe4 19. Rhe1 d5 20. Nc6 Qc5
21. Nxa7+ Kb7 22. Qxc5 bxc5 23. Ncb5 Ne7 24. Bxf6 Rhe8 25. Bxg5 Rd7 26. Bxf4 d4 27. Rxe4 f5 28. Re6 d3 29. Rxd3 Rxd3 30. cxd3
1-0

[Event "Tally Ho! let's lose rating points"]
[Site "SchemingMind.com"]
[Date "2020.03.19"]
[Round "-"]
[White "maro"]
[Black "Phillip Beckett"]
[Result "0-1"]
[WhiteCountry "MEX"]
[BlackCountry "ENG"]
[WhiteElo "1408"]
[WhiteRD "61"]
[BlackElo "1550"]
[BlackRD "50"]
[GameID "452410"]

1. e4 e5 2. f4 Qh4+ 3. g3 Qe7 4. f5 d5 5. exd5 Bxf5 6. d3 e4 7. dxe4 Bxe4 8. Qe2 Bxh1 9. Qxe7+ Bxe7 10. Bf4 Bxd5
11. Nc3 Be6 12. O-O-O c6 13. Bc7 Nd7 14. Nf3 Ngf6 15. Ne5 Nxe5 16. Bxe5 O-O 17. h3 Rad8
0-1

[Event "Tally Ho! let's lose rating points"]
[Site "SchemingMind.com"]
[Date "2020.03.19"]
[Round "-"]
[White "Goz"]
[Black "maro"]
[Result "1-0"]
[WhiteCountry "ENG"]
[BlackCountry "MEX"]
[WhiteElo "1526"]
[WhiteRD "73"]
[BlackElo "1408"]
[BlackRD "61"]
[GameID "452411"]

1. e4 e5 2. f4 Qh4+ 3. g3 Qf6 4. f5 Bc5 5. d3 Ne7 6. Nf3 h6 7. Nbd2 Nbc6 8. Nb3 O-O 9. Nxc5 b6 10. Na4 d5
11. Bd2 dxe4 12. dxe4 Bb7 13. Bd3 Nd4 14. c3 Nxf3+ 15. Qxf3 Rad8 16. O-O-O Qc6 17. b3 Qd6 18. b4 b5 19. Bxb5 c6 20. Bc4 Qc7
21. Be3 a5 22. Nc5 axb4 23. cxb4 Ra8 24. Nd7 Rxa2 25. Bxa2 Ra8 26. Be6 fxe6 27. f6 gxf6 28. Nxf6+ Kg7 29. Nh5+ Kg8 30. Qf6 Nc8
31. Qxe6+ Kh8 32. Qf6+ Kh7 33. Qxh6+ Kg8 34. Rd8+ Qxd8 35. Qg7#
1-0

[Event "Tally Ho! let's lose rating points"]
[Site "SchemingMind.com"]
[Date "2020.03.19"]
[Round "-"]
[White "maro"]
[Black "Siets"]
[Result "0-1"]
[WhiteCountry "MEX"]
[BlackCountry "NED"]
[WhiteElo "1408"]
[WhiteRD "61"]
[BlackElo "1775"]
[BlackRD "89"]
[GameID "452413"]

1. e4 e5 2. f4 d6 3. f5 Qh4+ 4. g3 Qxe4+ 5. Ne2 Qxh1 6. Nbc3 Bxf5 7. d3 Bh3 8. Kd2 Bxf1 9. b3 Qf3 10. Bb2 Be7
11. Qxf1 Bg5+ 12. Ke1 Qe3 13. Bc1 Qc5 14. Bxg5 f6 15. Bd2 Nd7 16. Qf3 c6 17. Be3 Qa5 18. a4 Ne7 19. Qh5+ g6 20. Qh6 Nf5
21. Qh3 Nxe3 22. g4 Nxc2+ 23. Kd2 Nxa1 24. Qh6 Nxb3+ 25. Kc2 Qb4 26. Qg7 O-O-O 27. Qf7 d5 28. d4 Nxd4+ 29. Nxd4 exd4
0-1

[Event "Tally Ho! let's lose rating points"]
[Site "SchemingMind.com"]
[Date "2020.03.16"]
[Round "-"]
[White "Kenny Elliott"]
[Black "Phillip Beckett"]
[Result "1-0"]
[WhiteCountry "USA"]
[BlackCountry "ENG"]
[WhiteElo "1625"]
[WhiteRD "68"]
[BlackElo "1517"]
[BlackRD "50"]
[GameID "452414"]

1. e4 e5 2. f4 Qh4+ 3. g3 Qe7 4. Nc3 exf4 5. gxf4 d5 6. d3 dxe4 7. dxe4 c6 8. Qf3 Nf6 9. h3 Qb4 10. Bd3 Bc5
11. a3 Qa5 12. Bd2 Qc7 13. O-O-O Be6 14. f5 Bd7 15. Bf4 Qc8 16. e5 Nd5 17. Nxd5 cxd5 18. e6 fxe6 19. Qh5+ g6 20. fxg6 h6
21. g7+
1-0

[Event "Tally Ho! let's lose rating points"]
[Site "SchemingMind.com"]
[Date "2020.03.16"]
[Round "-"]
[White "Randy Bahr"]
[Black "Phillip Beckett"]
[Result "1-0"]
[WhiteCountry "USA"]
[BlackCountry "ENG"]
[WhiteElo "1679"]
[WhiteRD "76"]
[BlackElo "1517"]
[BlackRD "50"]
[GameID "452415"]

1. e4 e5 2. f4 Qh4+ 3. g3 Qe7 4. Nc3 exf4 5. Qf3 c6 6. d4 d5 7. e5 f6 8. Bxf4 Be6 9. O-O-O fxe5 10. Bxe5 Nd7
11. Bf4 Ngf6 12. Re1 O-O-O 13. Bd3 Qf7 14. Nge2 Nb6 15. h3 Nh5 16. Qe3 Nxf4 17. Nxf4 Re8 18. Nxe6 g6 19. Qe5 Rxe6 20. Qxe6+
1-0

[Event "Tally Ho! let's lose rating points"]
[Site "SchemingMind.com"]
[Date "2020.03.16"]
[Round "-"]
[White "Phillip Beckett"]
[Black "Siets"]
[Result "0-1"]
[WhiteCountry "ENG"]
[BlackCountry "NED"]
[WhiteElo "1550"]
[WhiteRD "50"]
[BlackElo "1775"]
[BlackRD "89"]
[GameID "452416"]

1. e4 e5 2. f4 d6 3. Nf3 exf4 4. d4 g5 5. Bc4 Nh6 6. O-O Be7 7. c3 Nd7 8. Qb3 c6 9. e5 d5 10. Bd3 Nb6
11. c4 Be6 12. c5 Nc4 13. Qc2 Ne3 14. Bxe3 fxe3 15. Qe2 g4 16. Qxe3 gxf3 17. Qxf3 Bg5 18. Na3 Qe7 19. Nc2 O-O-O 20. b4 Rdg8
21. Bf5 Nxf5 22. b5 Nh4 23. Qa3 Nxg2 24. Qxa7 Kd8 25. bxc6 bxc6 26. Qa8+ Bc8 27. Qxc6 Be3+ 28. Nxe3 Nxe3+ 29. Kh1 Nxf1 30. Qxd5+ Qd7
0-1